000 00420cam a2200181 4500
001 D7231
008 090401t1983 xxu||||| |||| 00| 0 eng d
035 _a(Sirsi) u6095
041 _aeng
050 _a808.066
100 _aMort, Simon
245 _aHow to write a successful report
260 _aLondon
_bBusiness Books
_c1983
300 _a280p. ill. 24cm
350 _a6.95
942 _n0
948 _c04/03/1997
999 _c86246
_d86246